| 000 | 00457cam a2200181ua 4500 | ||
|---|---|---|---|
| 001 | 1302 | ||
| 008 | 110701n ii |||gr||||Z||||||eng | ||
| 040 | _cMAIN | ||
| 082 | _a330.1543 | ||
| 245 | 1 |
_aGanitik arthabigyan porichay. _cBy Lukesh Bodo. |
|
| 250 | _a2nd. | ||
| 260 |
_aJorhat.: _bUnika prakashan., _c2006. |
||
| 300 |
_a475 p.: _c20 cm. |
||
| 653 | _aEconomics. | ||
| 653 | _aGanitik arthabigyan porichoy. | ||
| 700 | 1 | _aBodo, Lukesh., | |
| 942 | _cBK | ||
| 999 |
_c1203 _d1203 |
||